|
|
|
|
| LEADER |
00000nam a2200000 a 4500 |
| 001 |
vtls001097278 |
| 003 |
SK-MaSNL |
| 005 |
20260413122155.0 |
| 008 |
250414s1981 xo 0 slo |
| 015 |
|
|
|a SNBA1982/02
|
| 035 |
|
|
|a SNK000040120
|
| 040 |
|
|
|a SNK
|b slo
|c SNK
|e AACR2
|
| 041 |
0 |
|
|a slo
|
| 044 |
|
|
|a xo
|c SK
|
| 080 |
|
|
|a 899.232 (969)-93
|2 1981
|
| 080 |
|
|
|a 398.2(=69)
|2 1981
|
| 100 |
1 |
|
|a Krupa, Viktor,
|d 1936-2021
|4 aut
|9 5206
|
| 245 |
1 |
0 |
|a Havajské mýty
|c Viktor Krupa ; Viktor Krupa, Viktor Krupa, Viktor Krupa, Karol Rosmány
|
| 250 |
|
|
|a 1. vyd.
|
| 260 |
|
|
|a Bratislava
|b Tatran
|c 1981
|e Martin
|f Tlačiarne SNP
|
| 300 |
|
|
|a 176 s., 10,97 AH
|c 25 cm
|
| 366 |
|
|
|e 15000 výtl.
|
| 490 |
0 |
|
|a Panteón
|v Zv. 9.
|
| 500 |
|
|
|a Rozlož. ilustr. tit. list. Vysvetl.
|
| 700 |
1 |
|
|a Krupa, Viktor,
|d 1936-2021
|4 com
|9 5206
|
| 700 |
1 |
|
|a Krupa, Viktor,
|d 1936-2021
|4 trl
|9 5206
|
| 700 |
1 |
|
|a Krupa, Viktor,
|d 1936-2021
|4 [ADC]
|9 5206
|
| 700 |
1 |
|
|a Rosmány, Karol,
|d 1937-2022
|4 bkd
|9 194694
|
| 852 |
|
|
|a Slovenská národná knižnica
|
| 954 |
|
|
|a mýty havajské
|a mytológia polynézska
|
| 958 |
|
|
|a OND
|
| 958 |
|
|
|a LX
|
| 958 |
|
|
|a TL
|
| 958 |
|
|
|a UP
|
| 999 |
|
|
|c 879136
|d 881066
|
| 952 |
|
|
|t P60, <05>, [BOOK], {605}
|a SNK
|b SNK
|y PREZ
|7 0
|p 17A0133438
|o snkSC 54427 D1
|0 0
|1 0
|4 0
|d 2000-02-26
|l 0
|r 2004-12-31 00:00:00
|w 2026-02-24
|
| 952 |
|
|
|a SNK
|b SNK
|y PREZ
|7 0
|p 17A0855616
|o snkSC 54427
|0 0
|1 0
|4 0
|d 2012-08-06
|l 0
|r 2025-11-07 00:00:00
|w 2026-02-24
|